000
00331nam a2200133Ia 4500
003
OSt
008
191201s2019 xx 000 0 und d
100
_a
PAUL, Prasenjit
245
0
_a
How to Avoid Loss and Earn Consistently in the Stock Market
260
_a
N. Delhi
_b
Partridge
300
_a
227
650
_a
NCFM
942
_2
ddc
_c
BK
999
_c
6675
_d
6675